| 000 | 01406nam a2200289 4500 | ||
|---|---|---|---|
| 003 | NUST | ||
| 005 | 20260417151922.0 | ||
| 008 | 260417b |||||||| |||| 00| 0 eng d | ||
| 040 |
_aNUST _beng _cNUST _dNUST _erda |
||
| 050 | _aZ699DZV | ||
| 100 |
_aDzvene, Simbarashe. _eAuthor. |
||
| 245 |
_aChallenges associated with the use of Sybrin System as an EDRMS at a commercial banking institution in Zimbabwe / _cby Simbarashe Dzvene. |
||
| 260 |
_aBulawayo, Zimbabwe : _bNational University of Science and Technology , _c©2021. |
||
| 300 |
_axiii, 100 pages : _c31 cm. _bIllustrations ; |
||
| 336 |
_2rdacontent _atext _btxt |
||
| 337 |
_2rdamedia _aunmediated _bn |
||
| 338 |
_2rdacarrier _avolume _bnc |
||
| 500 | _aA research project submitted to the National University of Science and Technology in partial fulfilment of the Master of Science degree in Records and Archives Management. | ||
| 501 | _00(MSc in Records and Archives Management) National University of Science and Technology, 2021. | ||
| 504 | _aIncludes bibliographical references. | ||
| 650 |
_aElectronic Document and Records Management Systems (EDRMS) _zZimbabwe. |
||
| 650 |
_aSybrin System _xCase studies. |
||
| 650 |
_aCommercial banks _xRecords management _zZimbabwe. |
||
| 650 |
_a Information systems _xImplementation challenges. |
||
| 700 |
_aDr O Wutete. _eSupervisor. |
||
| 942 |
_2lcc _n0 _c3HOUR _hZ699DZV _kZ _mDZV |
||
| 999 |
_c172774 _d172774 |
||